LEADER 00693nam a2200205 i 4500 001 000000161335 003 CaOOAMICUS 005 20070514000000.0 008 070514s1969 it u000 u ita u 013 $a138698 040 $aSeMil$bita 245 10$a[Vol. 3]. 300 $aXVII, 937 p., [14] c. di tav. 490 0 $aOrientamenti culturali 773 0 $tLetteratura Italiana.$dMilano : C. Marzorati, 1956-1974.$w()1147 773 0 $tContemporanei.$w()17818 830 0$aOrientamenti culturali.$0(OLS)http://semarc/title/23541 850 $aSeMil 852 $aSeMil$W1$xVenegono$y1$m1C VI 138$j112761$B112761$CSeMilBibl$Z2$F123249 $81 996 $6245$a[Vol. 3]$9(OLS)http://semarc/title/307412 LEADER 00807nam a2200217 i 4500 001 000000161744 003 CaOOAMICUS 005 20070529000000.0 008 070529s1971 it u000 u ita u 013 $a139107 040 $aSeMil$bita 100 1 $aManzini, Gianna,$d<1896-1974>.$0(OLS)http://semarc/name/7443 245 13$aLa Sparviera /$cGianna Manzini. 260 $a[Milano] :$bArnoldo Mondadori Editore,$c1971. 300 $a188 p. ;$c19 cm. 490 0 $aOscar Mondadori ;$v184 830 0$aOscar ;$v184.$0(OLS)http://semarc/title/8669 850 $aSeMil 852 $aSeMil$W1$xVenegono$y1$m1B I 395$j235936$B113121$CSeMilBibl$Z2$F123666 $81 996 $6245$aLa Sparviera$9(OLS)http://semarc/title/145018 996 $6260$a[Milano] :$bArnoldo Mondadori Editore$9(OLS)http://semarc/publisher/29634